• 首页
  • 本馆介绍
  • 公告通知
  • 最新文献
  • 馆藏检索
  • 电子资源
  • 读者导购
  • 参考咨询
  • 我的图书馆
  • 登录
  • 详细信息显示
  • 放入我的书架
  • 预约/预借图书
  • 作者相关作品
  • 分类相关作品
  • 丛书相关作品
  • 出版社相关作品

书目信息

  • 表格格式
  • 工作单格式
  • 卡片格式
题名:
自动机引论
    
 
作者: 陶仁骥 著
分册:  
出版信息: 北京   科学出版社  1986
页数: 332页
开本: 20cm
丛书名: 计算机科学丛书
单 册:
中图分类: TP301.1 , TP23
科图分类:
主题词: 自动机--导论 , 自动化装置 , 自动化设备
电子资源:
ISBN:
000 00750nam2 2200301 45
001 0186001828
005 20040519160252.7
010    @dCNY3.05
091    @a15031.754
100    @a19901014d1986 emky0chiy0121 ea
101 0  @achi
102    @aCN@b110000
105    @ay z 000yy
106    @ar
200 10 @a自动机引论@Azi dong ji yin lun@f陶仁骥著
210    @a北京@c科学出版社@d1986
215    @a332页@d20cm
225 2  @a计算机科学丛书
410  0 @120010@a计算机科学丛书
606    @a自动机@x导论
606 0  @a自动化装置
606 0  @a自动化设备
690    @aTP301.1@v3
690    @aTP23
701  0 @a陶仁骥@Atao ren ji@4著
801  0 @aCN@b深圳图书馆@c20040519
801  2 @aCN@bNLC@c20040519
905    @f1@b166341@dTP23@e36
    
    自动机引论/陶仁骥著.-北京:科学出版社,1986
    332页;20cm.-(计算机科学丛书)
    
    
    ISBN :CNY3.05
    
●
相关链接 在E读中查询图书 在五车中查询图书 在当当中查询图书 在豆瓣中查询图书


正题名:自动机引论     索取号:TP23/36         预约/预借

序号 登录号 条形码 馆藏地/架位号 状态 备注
1 0166341   001328254   第三借阅区/ [索取号:TP23/36] 在馆    
2 0166342   202123013   第二样本阅览室/ [索取号:TP23/36] 在馆    
唐山师范学院图书馆 欢迎您!
大连网信软件有限公司© 版权所有